Statistics for Remedy Games Characters

Click here to take the quiz!

General Stats

  • This quiz has been taken 4 times
  • The average score is 16 of 48

Answer Stats

Answer% Correct
Alan Wake
100%
Max Payne
100%
Barbara Jagger
75%
Barry Wheeler
75%
Emil Hartman
75%
Thomas Zane
75%
Ahti
50%
Alex Casey
50%
Alice Wake
50%
Casper Darling
50%
Cynthia Breaker
50%
Dylan Faden
50%
Emily Pope
50%
Frederick Langston
50%
Jack Joyce
50%
Jesse Faden
50%
Martin Hatch
50%
Mr Scratch
50%
Odin Anderson
50%
Robert Nightingale
50%
Sarah Breaker
50%
Simon Arish
50%
Tor Anderson
50%
Zachariah Trench
50%
Alberto Tommasi
25%
Carl Stucky
25%
Helen Marshall
25%
Mr Door
25%
Rose Marigold
25%
Saga Anderson
25%
Tim Breaker
25%
William Joyce
25%
Amy Ferrero
0%
Beth Wilder
0%
Charlie Wincott
0%
Ellen Adams
0%
Emily Burke
0%
Emma Sloan
0%
Fiona Miller
0%
Henry Kim
0%
Jake Fischer
0%
Liam Burke
0%
Nick Marsters
0%
Paul Serene
0%
Phillip Philson
0%
Rachel Meadows
0%
Serena Valdivia
0%
Sofia Amaral
0%

Score Distribution

Percentile by Number Answered

Percent of People with Each Score

Your Score History

You have not taken this quiz